000 00339nam a2200133Ia 4500
003 GCL
008 140319s9999 xx 000 0 ara d
040 _aGCL /
_cGCL
082 0 4 _a217
_bم ف
100 1 _aمحمد البهى
245 1 0 _aالفكر الاسلامى فى تطوره /
_cمحمد البهى
300 _a103 ص
490 _a
999 _c37788
_d37788